• 首页
  • 本馆介绍
  • 公告通知
  • 最新文献
  • 馆藏检索
  • 电子资源
  • 读者导购
  • 参考咨询
  • 我的图书馆
  • 登录
  • 详细信息显示
  • 放入我的书架
  • 预约/预借图书
  • 作者相关作品
  • 分类相关作品
  • 丛书相关作品
  • 出版社相关作品

书目信息

  • 表格格式
  • 工作单格式
  • 卡片格式
题名:
一只狗狗的告白
    
 
作者: 艾柯 , 胡长江 编译
分册:  
出版信息: 天津   天津教育出版社  2006
页数: 10,236页
开本: 23cm
丛书名: 美丽英文系列
单 册:
中图分类: I14 , H319.4
科图分类:
主题词: 英语--汉语--对照读物 , 英语 , 汉语 , 故事--世界--选集 , 故事
电子资源:
ISBN: 7-5309-4679-X
000 01014nam0 2200349 450
000 01040nam0 2200349 450
000 00971nam0 2200325 450
000 00935nam0 2200313 450
005 20070516165614.37
010    @a7-5309-4679-X@dCNY18.80
100    @a20070302d2006 em y0chiy0120 ea
101 2  @achi@aeng
102    @aCN@b110000
105    @aa z 000fy
200 1  @a一只狗狗的告白@Ayi zhi gou gou de gao bai@d Dog's last will @f艾柯,胡长江编译
210    @a天津@c天津教育出版社@d2006
215    @a10,236页@c图@d23cm
225 2  @a美丽英文系列@e英汉典藏版
410  0 @12001 @a美丽英文系列@e英汉典藏版
510 1  @aDog's last will@zeng
512    @aA dog's last wi@zeng
606 0  @a英语@x汉语@j对照读物
606 0  @a英语
606 0  @a汉语
606 0  @a故事@x世界@j选集
606 0  @a故事
690    @aI14@v4
690    @aH319.4@v4
701  0 @a艾柯@Aai ke@4编译
701  0 @a胡长江@Ahu chang jiang@4编译
801  0 @aCN@bTAOJIN@c20070516
905    @a10447@dH319.4@e1200
    
    一只狗狗的告白= Dog's last will /艾柯,胡长江编译.-天津:天津教育出版社,2006
    10,236页:图;23cm.-(美丽英文系列:英汉典藏版 )
    ←封面题名:A dog's last wi
    
    ISBN 7-5309-4679-X:CNY18.80
    
●
相关链接 在E读中查询图书 在五车中查询图书 在当当中查询图书 在豆瓣中查询图书


正题名:一只狗狗的告白     索取号:H319.4/1200         预约/预借

序号 登录号 条形码 馆藏地/架位号 状态 备注
1 0520713   205207131   第二样本阅览室/ [索取号:H319.4/1200] 在馆    
2 0520714   205207140   第四借阅区/ [索取号:H319.4/1200] 在馆    
3 0520715   205207159   第四借阅区/ [索取号:H319.4/1200] 在馆    
4 0520716   205207168   第四借阅区/ [索取号:H319.4/1200] 在馆    
5 0520717   205207177   第四借阅区/ [索取号:H319.4/1200] 在馆    
6 0520718   205207186   第四借阅区/ [索取号:H319.4/1200] 在馆    
7 0520719   205207195   第四借阅区/ [索取号:H319.4/1200] 在馆    
8 0520720   205207202   第四借阅区/ [索取号:H319.4/1200] 在馆    
9 0520721   205207211   第四借阅区/ [索取号:H319.4/1200] 在馆    
唐山师范学院图书馆 欢迎您!
大连网信软件有限公司© 版权所有